Welcome to WEB OPAC of MRSPTU Central Library

Workers' participation in management : With special reference to  (Record no. 2010)

MARC details
000 -LEADER
fixed length control field 00441nam a2200157Ia 4500
008 - FIXED-LENGTH DATA ELEMENTS--GENERAL INFORMATION
fixed length control field 230711s9999||||xx |||||||||||||| ||und||
041 ## - LANGUAGE CODE
Language code of text/sound track or separate title ENG
082 ## - DEWEY DECIMAL CLASSIFICATION NUMBER
Classification number 658
Item number VA-W
100 ## - MAIN ENTRY--PERSONAL NAME
Personal name  Gursharan Varandani
245 #0 - TITLE STATEMENT
Title Workers' participation in management : With special reference to 
250 ## - EDITION STATEMENT
Edition statement 1st Ed.
260 ## - PUBLICATION, DISTRIBUTION, ETC.
Date of publication, distribution, etc. 1989
Place of publication, distribution, etc. New Delhi
Name of publisher, distributor, etc. Deep & Deep Publications Ltd.
300 ## - PHYSICAL DESCRIPTION
Extent 228
650 ## - SUBJECT ADDED ENTRY--TOPICAL TERM
Topical term or geographic name entry element UNIVESITY BUSNIESS SCHOOL
942 ## - ADDED ENTRY ELEMENTS (KOHA)
Koha item type Book
Holdings
Withdrawn status Lost status Damaged status Not for loan Collection Home library Current library Date acquired Total checkouts Full call number Barcode Date last seen Price effective from Koha item type
          MRSPTU Central Library MRSPTU Central Library     658 VA-W 8506 08/17/2023 08/17/2023 Book

Website Designed and Developed by MRSPTU Central Library Team

E-mail Id: librarian@mrsptu.ac.in